000
00352nam a2200145Ia 4500
008
210716s1993 xx 000 0 und d
041
_a
eng
082
_a
005.133 ABOS
100
_a
Aboirous, Sam A.
245
_a
Learn c in three days.
250
_a
1
260
_a
New Delhi
_b
BPB Publications
_c
1993
300
_a
ix,189
650
_a
C Programming
999
_c
182525
_d
182525